Motivación y alta dirección
Guardat en:
| Autors principals: | , |
|---|---|
| Format: | Llibre |
| Idioma: | espanyol |
| Publicat: |
Ciudad de México
Trillas
1979
|
| Edició: | 1a. ed |
| Col·lecció: | Biblioteca de Ciencias de la Administración
|
| Matèries: | |
| Etiquetes: |
Afegir etiqueta
Sense etiquetes, Sigues el primer a etiquetar aquest registre!
|
MARC
| LEADER | 00000cam a2200000 a 4500 | ||
|---|---|---|---|
| 001 | UCR9774 | ||
| 003 | CL-VaPUC | ||
| 008 | 980619e19790200MX |||||||||||||||||spa|d | ||
| 082 | 0 | 4 | |a 658.314 |b VRO |2 21 |
| 100 | 0 | |a Vroom, Víctor H |e author |9 412654 | |
| 700 | 0 | |a Deci, Edward L |e author |9 412655 | |
| 245 | 1 | 0 | |a Motivación y alta dirección |
| 250 | |a 1a. ed | ||
| 300 | |a 366 p | ||
| 942 | |c BK | ||
| 945 | |d 19980619 00:00:00 |a cmena | ||
| 260 | |a Ciudad de México |b Trillas |c 1979 | ||
| 650 | 0 | |a Comportamiento |9 308406 | |
| 650 | 0 | |a Psicología industrial |9 271739 | |
| 650 | 0 | |a Administración de empresas |9 260833 | |
| 650 | 0 | |a Motivación |9 315362 | |
| 650 | 7 | |a MEDIO AMBIENTE LABORAL |2 CL-VaPUC |9 380233 | |
| 650 | 0 | |a Desarrollo organizacional |9 356124 | |
| 650 | 0 | |a Recursos humanos |9 228420 | |
| 583 | |a last modification |c 20170228 11:25:11 |k Rodrigo Vera | ||
| 490 | 0 | |a Biblioteca de Ciencias de la Administración | |
| 999 | |c 270950 |d 270948 | ||
| 952 | |0 0 |1 0 |4 0 |6 658_314000000000000_VRO_1979 |7 0 |8 A |9 305415 |a BIBENE |b BIBENE |d 2019-11-20 |i 1420364 |o 658.314 VRO 1979 |p 1420364 |r 2025-01-15 |w 2019-11-20 |y BK |k ICO | ||
| 952 | |0 0 |1 0 |3 erb |4 0 |6 658_314000000000000_VRO_1979 |7 0 |8 A |9 305416 |a BIBENE |b BIBENE |i 5329051 |o 658.314 VRO 1979 |p 5329051 |r 2025-01-15 |w 2019-11-20 |y BK |z Catalogado en:20170303 |k ICO | ||